00538nam a2200181Ia 4500003000500000008004100005020001800046040001900064082000700083100002000090245003500110260003300145300000900178546001200187942001200199999001700211952012800228STCL181203s9999 xx 000 0 und d a9780070495432 aSTCLbENcSTCL 222 aSchildt,Herbert 0aJava 2: The Complete Reference bMcGraw HillaNew Delhic2012 a1154 aEnglish 2ddccBK c84240d84240 00102ddc4070aSTCALbSTCALcGENd2018-12-03l5m2o005.133 SCH-Jp92053r2019-10-24 00:00:00s2019-10-03w2018-12-03yBK